000 00539nam a2200217 a 4500
999 _c6098
_d6098
001 6098
003 BD-JhCC
005 20180101191739.0
008 180101s1956 bg |||| ||a| 000 0 eng d
035 _a(BD-JhCC)6098
040 _aBD-JhCC
_dBD-JhCC
041 _aeng
082 _a822.33
_bBET 1956
100 _aBethell, S. L.
245 _aThe Winters's Tale /
_cS. L. Bethell
260 _aNew York :
_bAt The Calrendon Press,
_c1956.
300 _a282 p. :
_c16 cm.
526 _bSuruj
650 _aEnglish Drama
942 _2ddc
_cBK